000 00201nam a22000857a 4500
008 170213b xxu||||| |||| 00| 0 eng d
100 _92866
_aDornacher.K.
245 _aGive Thanks
260 _aUSA
_bT.N.
_c1798
999 _c6085
_d6085